Samuel the prophet. (Record no. 3753)

000 -LEADER
fixed length control field 00655nam a2200193 a 4500
001 - CONTROL NUMBER
control field :::00001488$&:&@@
003 - CONTROL NUMBER IDENTIFIER
control field OkBaRHE
005 - DATE AND TIME OF LATEST TRANSACTION
control field 20000607103244.0
008 - FIXED-LENGTH DATA ELEMENTS--GENERAL INFORMATION
fixed length control field s1985 j 000 0 eng u
040 ## - CATALOGING SOURCE
Transcribing agency
100 1# - MAIN ENTRY--PERSONAL NAME
Personal name Meyer, F. B. (Frederick Brotherton), 1847-1929.
245 10 - TITLE STATEMENT
Title Samuel the prophet.
260 ## - PUBLICATION, DISTRIBUTION, ETC. (IMPRINT)
Place of publication, distribution, etc Fort Washington, PA., :
Name of publisher, distributor, etc Christian Literature Crusade
Date of publication, distribution, etc 1985
300 ## - PHYSICAL DESCRIPTION
Extent 270 p. ;
Dimensions 20 cm.
650 ## - SUBJECT ADDED ENTRY--TOPICAL TERM
Topical term or geographic name as entry element Bible Old Testament Samuel Criticism, Interpretation, etc.
650 ## - SUBJECT ADDED ENTRY--TOPICAL TERM
Topical term or geographic name as entry element Samuel, judge of Israel
942 ## - ADDED ENTRY ELEMENTS (KOHA)
Source of classification or shelving scheme
Koha item type Books
Copies
Lost status Damaged status Date last seen Permanent Location Copy number Koha item type Not for loan Current Location Full call number Price effective from Withdrawn status Source of classification or shelving scheme Barcode Date acquired Shelving location
  2020-01-07RHEMA Bible Training College1Books RHEMA Bible Training CollegeBS 580 .S2M42010-04-14  14882010-04-14General Stacks